LISP - Lokálny informačný systém podnikateľa - výuková verzia : Dipl.práca

Uložené v:
Podrobná bibliografia
Hlavný autor: Petrík, Ondrej (Autor)
Ďalší autori: Galbavý, Miroslav (Vedúci práce)
Médium: Rukopis Kniha
Jazyk:Slovak
Vydavateľské údaje: Bratislava : STU v Bratislave FEI, 1998
Predmet:
Tagy: Pridať tag
Žiadne tagy, Buďte prvý, kto otaguje tento záznam!

MARC

LEADER 00000ntm a22000003a 4500
001 stu50321
005 20160719164705.3
008 990719s1998------------------------slo-d
040 |a STU  |b slo 
041 0 |a slo 
100 1 |a Petrík, Ondrej  |4 aut 
245 1 |a LISP - Lokálny informačný systém podnikateľa - výuková verzia :  |b Dipl.práca 
260 |a Bratislava :  |b STU v Bratislave FEI,  |c 1998 
300 |a 98 s 
650 7 |a informatika  |2 stusub 
700 1 |a Galbavý, Miroslav  |4 ths  |u E220  |U FEI Fakulta elektrotechniky a informatiky  |T FEI Katedra informatiky a výpočtovej techniky  |U E220  |Y 69 
996 |b EDIPL-5785  |c I*DIPL-5785  |l II680  |s A  |a 24  |w stu50321_0001